000 00295nam a22001337a 4500
008 190226b xxu||||| |||| 00| 0 eng d
020 _a9780415168205
041 _aeng
080 _a574
100 _a10
101 _aMJE
245 _aGender and Environment
_cHatfield,S.B
942 _2udc
_cBK
999 _c54255
_d54255